000 00667cam a22002171 4500
001 gs 21000245
003 DLC
005 20260227111325.0
008 850617s1919 sz 000 0 fre c
010 _ags 21000245
035 _a(OCoLC)12167967
040 _aLibrary, U.S. Geological Survey
_cNRU
_dDLC
042 _apremarc
050 0 0 _aQ67
_b.L4
110 2 _aSociété vaudoise des sciences naturelles.
245 0 0 _aCentenaire de la Société vaudoise des sciences naturelles [1818-1919]
260 _aLausanne,
_bImprimeries réunies, s.a.,
_c1919.
300 _a91 p.
_c23 cm.
500 _aTitle vignette.
650 0 _aNatural history
_xSocieties, etc.
999 _c26099
_d26099